| 000 -LEADER |
| fixed length control field |
00599nam a22002057a 4500 |
| 008 - FIXED-LENGTH DATA ELEMENTS--GENERAL INFORMATION |
| fixed length control field |
150528b xxu||||| |||| 00| 0 eng d |
| 020 ## - INTERNATIONAL STANDARD BOOK NUMBER |
| International Standard Book Number |
9780071632843 |
| 041 0# - LANGUAGE CODE |
| Language code of text/sound track or separate title |
ENG |
| 080 ## - UNIVERSAL DECIMAL CLASSIFICATION NUMBER |
| Universal Decimal Classification number |
332 |
| 100 ## - Rafti |
| Rafti |
Ásgeir Jónsson. |
| 245 00 - TITLE STATEMENT |
| Title |
Why Iceland? / |
| Statement of responsibility, etc |
Ásgeir Jónsson. |
| 260 ## - |
| -- |
New York : |
| -- |
McGraw-Hill, |
| -- |
c2009. |
| 300 ## - |
| -- |
230 f |
| -- |
24 cm |
| 500 ## - |
| -- |
index |
| 650 ## - |
| -- |
Financial crises |
| -- |
History |
| -- |
21st century. |
| -- |
Iceland |
| 650 ## - |
| -- |
Financial crises |
| -- |
21st century. |
| 650 ## - |
| -- |
Banks and banking |
| -- |
Iceland. |
| 650 ## - |
| -- |
Business cycles |
| -- |
History |
| -- |
21st century. |
| 942 ## - ADDED ENTRY ELEMENTS (KOHA) |
| Source of classification or shelving scheme |
|
| Item type |
Books |